Statistics for Premier League Italian Best Scorer by Year

Click here to take the quiz!

General Stats

  • This quiz has been taken 316 times
    (147 since last reset)
  • The average score is 6 of 18

Answer Stats

Scorer% Correct
Jorginho
89%
Mario Balotelli
86%
Gianfranco Zola
75%
Graziano Pellè
67%
Paolo Di Canio
54%
Gianluca Scamacca
53%
Fabio Borini
43%
Manolo Gabbiadini
29%
Fabrizio Ravanelli
20%
Stefano Okaka
14%
Massimo Maccarone
13%
Davide Santon
12%
Rolando Bianchi
8%
Alessandro Diamanti
5%
Francesco Baiano
4%
Bernardo Corradi
3%
David Di Michele
3%
Nicola Ventola
3%

Score Distribution

Percentile by Number Answered

Percent of People with Each Score

Your Score History

You have not taken this quiz since the last reset